| 000 | 00597nam a22002057a 4500 | ||
|---|---|---|---|
| 003 | OSt | ||
| 005 | 20260309084218.0 | ||
| 008 | 260309b |||||||| |||| 00| 0 eng d | ||
| 020 | _a0-534-09486-4. | ||
| 040 |
_aDWCL Main lib _cOC |
||
| 082 |
_24th ed. _aCirc. 519.5 S738 1989 |
||
| 100 | _aSpatz, Chris | ||
| 245 |
_aBasic statistics _cChris Spatz |
||
| 250 | _a4th ed. | ||
| 260 |
_aPacific Grove, California : _bBrooks/Cole Publishing Company, _cc1989. |
||
| 300 |
_axiii, 395 p. ; _c24 cm. |
||
| 504 | _aIncludes index. | ||
| 650 | _aStatistics. | ||
| 942 |
_2ddc _cBK-CIRC _e4th ed. _kCirc. _n0 |
||
| 999 |
_c8771 _d8771 |
||